Радар на основе ИК датчика под управлением микроконтроллера AVR (Arduino Uno) с выводом данных на монитор ПК при помощи среды Processing; Молодежь и современные информационные технологии

Dades bibliogràfiques
Parent link:Молодежь и современные информационные технологии.— 2013.— [С. 209-211]
Autor principal: Черных А. А.
Autor corporatiu: Национальный исследовательский Томский политехнический университет (ТПУ) Институт кибернетики (ИК) Кафедра интегрированных компьютерных систем управления (ИКСУ)
Altres autors: Тутов И. А. Иван Андреевич (научный руководитель)
Sumari:Заглавие с титульного экрана
Idioma:rus
Publicat: 2013
Col·lecció:Автоматизация и управление в технических системах
Matèries:
Accés en línia:http://earchive.tpu.ru/handle/11683/70432
http://www.lib.tpu.ru/fulltext/c/2013/C04/093.pdf
Format: Electrònic Capítol de llibre
KOHA link:https://koha.lib.tpu.ru/cgi-bin/koha/opac-detail.pl?biblionumber=603754

MARC

LEADER 00000naa2a2200000 4500
001 603754
005 20260204133335.0
035 |a (RuTPU)RU\TPU\conf\953 
035 |a RU\TPU\conf\951 
090 |a 603754 
100 |a 20140204d2013 k y0rusy50 ca 
101 0 |a rus 
102 |a RU 
135 |a drnn ---uucaa 
181 0 |a i  
182 0 |a b 
200 1 |a Радар на основе ИК датчика под управлением микроконтроллера AVR (Arduino Uno) с выводом данных на монитор ПК при помощи среды Processing  |f А. А. Черных  |g науч. рук. И. А. Тутов 
203 |a Текст  |c электронный 
225 1 |a Автоматизация и управление в технических системах 
300 |a Заглавие с титульного экрана 
320 |a [Библиогр.: с. 211 (5 назв.)] 
337 |a Adobe Reader 
463 1 |0 (RuTPU)RU\TPU\conf\515  |t Молодежь и современные информационные технологии  |o сборник трудов XI Международной научно-практической конференции студентов, аспирантов и молодых ученых, г. Томск, 13-16 ноября 2013 г.  |f Национальный исследовательский Томский политехнический университет (ТПУ) ; под ред. Е. А. Сикоры и др.  |v [С. 209-211]  |d 2013 
610 1 |a труды учёных ТПУ 
610 1 |a электронный ресурс 
610 1 |a радары 
610 1 |a датчики 
610 1 |a инфракрасные датчики 
610 1 |a микроконтроллеры 
610 1 |a AVR 
610 1 |a Processing 
610 1 |a Arduino Uno 
700 1 |a Черных  |b А. А. 
702 1 |a Тутов  |b И. А.  |c специалист в области автоматического управления  |c ассистент Томского политехнического университета  |f 1989-  |g Иван Андреевич  |4 727 
712 0 2 |a Национальный исследовательский Томский политехнический университет (ТПУ)  |b Институт кибернетики (ИК)  |b Кафедра интегрированных компьютерных систем управления (ИКСУ)  |3 (RuTPU)RU\TPU\col\18701 
801 2 |a RU  |b 63413507  |c 20220328  |g RCR 
856 4 |u http://earchive.tpu.ru/handle/11683/70432 
856 4 |u http://www.lib.tpu.ru/fulltext/c/2013/C04/093.pdf 
942 |c CF